| 000 | 00574cam a22002291 4500 | ||
|---|---|---|---|
| 001 | sa 65002450 | ||
| 003 | DLC | ||
| 005 | 20260227112116.0 | ||
| 008 | 940930s1964 ii a 000 0 beno | ||
| 010 | _asa 65002450 | ||
| 025 | _aPL480:I-B-1620 | ||
| 035 | _a(OCoLC)31205782 | ||
| 040 |
_aDLC _cCU _dCU _dDLC |
||
| 050 | 0 | 0 |
_aHQ670 _b.B5 |
| 100 | 1 | _aBhowmick, P. K. | |
| 245 | 1 | 0 | _aSamājia o sampradāẏa. |
| 260 | _c[1964] | ||
| 300 |
_a50 p. _billus. _c23 cm. |
||
| 500 | _aIn Bengali. | ||
| 650 | 0 |
_aMarriage _zIndia. |
|
| 651 | 0 |
_aIndia _xSocial life and customs. |
|
| 999 |
_c62639 _d62639 |
||